Jääkiekon MM-kisojen järjestäjämaat 1920-2026 - Statistics

Yleistilastot
  • Tätä visaa on pelattu 283 kertaa
  • Keskiarvotulos 19 / 23
Vastaustilastot
Maat % Oikein
Suomi
100%
Ruotsi
99%
Kanada
98%
Venäjä
98%
Saksa
97%
Yhdysvallat
97%
Norja
95%
Slovakia
94%
Ranska
93%
Tšekki
93%
Tanska
92%
Itävalta
91%
Sveitsi
91%
Italia
90%
Latvia
90%
Puola
81%
Neuvostoliitto
80%
Valko-Venäjä
80%
Tšekkosslovakia
71%
Belgia
66%
Saksan liittotasavalta
50%
Jugoslavia
49%
Britannia
39%
Ehtoja vastaavia visoja ei löytynyt
Tulosjakauma
Jokaisen tuloksen saaneiden osuus
Persentiili vastausten määrän mukaan
Tuloshistoriasi
Et ole pelannut tätä visaa